Cryptography and Embedded Systems Security /

Salvato in:
Dettagli Bibliografici
Autori principali: Hou, Xiaolu, 1989- (Autore), Breier, Jakub, 1986- (Autore)
Natura: Libro
Lingua:inglese
Pubblicazione: Holandsko Springer Nature Switzerland AG 2024
Tags: Aggiungi Tag
Nessun Tag, puoi essere il primo ad aggiungerne!!

MARC

LEADER 00000nam a22000003a 4500
001 0111315
003 SK-STU
005 20240919131954.5
007 ta
008 240919s ----xo-----e------000-0-----d
020 |a 978-3-031-62204-5 
040 |a STU  |b slo 
041 0 |a eng  |h eng 
044 |a xxk 
100 1 |a Hou, Xiaolu,  |d 1989-  |u 070400  |4 aut  |r Z2  |U FIIT Fakulta informatiky a informačných technológií  |T FIIT Ústav počítačového inžinierstva a aplikovanej informatiky  |X 114118  |U I400  |Y 672  |7 114118 
245 1 0 |a Cryptography and Embedded Systems Security /  |c aut. Xiaolu Hou, Jakub Breier 
260 |a Holandsko  |b Springer Nature Switzerland AG  |c 2024 
300 |a 489 s. 
700 1 |a Breier, Jakub,  |d 1986-  |4 aut  |X 17522  |7 A000017522 
996 |b 284IK06954  |c I* 6K14058  |l I  |s A  |a 24  |w 0111315_0001 
996 |b 284IK06955  |c I* 6K14059  |l I  |s A  |a 24  |w 0111315_0002 
996 |b 284IK06956  |c I* 6K14060  |l I  |s A  |a 24  |w 0111315_0003 
996 |b 284IK06957  |c I* 6K14061  |l I  |s A  |a 24  |w 0111315_0004 
996 |b 284IK06958  |c I* 6K14062  |l I  |s A  |a 24  |w 0111315_0005 
996 |b 284IK06959  |c I* 6K14063  |l I  |s A  |a 24  |w 0111315_0006